00664 2200241 4500001002100000005001700021008004100038035002400079082001200103090001900115100002000134245005900154250000900213260002600222300002300248500002700271650003800298650003600336850001500372980001400387985000600401999001500407YOGYA-0209000006346220090227040207.0 ind  0010-020900000063462 a659.111 a659.111bMei T aMEINANDA, Teguh aTanya jawab pengantar public relationscTeguh Meinanda aEd.1 aBandungbArmicoc1980 aiv, 112 hlmc21 cm aBibliografi : hlm. 111 aHubungan masyarakat - Tanya jawab aTanya jawab hubungan masyarakat aYOPDYOG(B) a29-8-2006 a1 aP000015133